000
00245nam a2200097Ia 4500
001
640814
005
20250826153454.0
008
250824s9999 xx 000 0 und d
245
0
_a
KIRIMLI MURAT DESTANI
_c
HASAN NAİL CANAT
260
_b
GENÇ TİMAŞ
999
_c
640814
_d
640814